000 00310nam a22001337a 4500
008 170222b xxu||||| |||| 00| 0 eng d
020 _a9780443062872
041 _aeng
080 _a616.31
100 _a5
101 _aSHS
245 _aORTHODONTICS AND PAEDIATRIC DENTISTRY
_cMILLETT, D
942 _2udc
_cBK
999 _c6097
_d6097